UBT Library

Making sense of Europe / (Record no. 40698)

000 -LEADER
fixed length control field 00584pam a2200229 a 4500
001 - CONTROL NUMBER
control field 2421857
005 - DATE AND TIME OF LATEST TRANSACTION
control field 20180123033039.0
008 - FIXED-LENGTH DATA ELEMENTS--GENERAL INFORMATION
fixed length control field 870608s1988 nyu b 001 0 eng
010 ## - LIBRARY OF CONGRESS CONTROL NUMBER
LC control number 87015871
020 ## - INTERNATIONAL STANDARD BOOK NUMBER
International Standard Book Number 0231066821 (alk. paper)
040 ## - CATALOGING SOURCE
Original cataloging agency DLC
Transcribing agency DLC
Modifying agency DLC
041 ## - LANGUAGE CODE
Language code of text/sound track or separate title eng
043 ## - GEOGRAPHIC AREA CODE
Geographic area code e------
080 ## - UNIVERSAL DECIMAL CLASSIFICATION NUMBER
Universal Decimal Classification number 337.142
082 00 - DEWEY DECIMAL CLASSIFICATION NUMBER
Classification number 337.142 TUG
Edition number 19
100 1# - Rafti
Rafti 19
101 ## - Shkurtesa
Shkurtesa SHP
245 10 - TITLE STATEMENT
Title Making sense of Europe /
Statement of responsibility, etc Christopher Tugendhat.
504 ## - BIBLIOGRAPHY, ETC. NOTE
Bibliography, etc Bibliography: p. 235-[236]
906 ## - LOCAL DATA ELEMENT F, LDF (RLIN)
a 7
b cbc
c orignew
d 1
e ocip
f 19
g y-gencatlg
942 ## - ADDED ENTRY ELEMENTS (KOHA)
Source of classification or shelving scheme
Item type Books
Holdings
Withdrawn status Lost status Source of classification or shelving scheme Damaged status Not for loan Collection code Permanent location Current location Shelving location Date acquired Total Checkouts Full call number Barcode Date last seen Price effective from Koha item type
          Koleksioni i përgjithshem UBT - Lipjan UBT - Lipjan Koleksioni i përgjithshem 01/23/2018   337.142 TUG 002-2996299 01/23/2018 01/23/2018 Books
UBT Library © 2015-2024. All rights reserved University Education for Business and Technology